On-line identita zákazníka. Kterou technologii pro její přejímaní zvolit?
Vhodnosť technológií pre online overenie a správu identity zákazníka pre potreby a procesy finančných inštitúcií. Proces overovania identity a s tým súvisiaca legislatíva. Konkrétne situácie využitia on-line identifikácie.
Uložené v:
| Médium: | Kapitola |
|---|---|
| Jazyk: | Czech |
| Predmet: | |
| Tagy: |
Žiadne tagy, Buďte prvý, kto otaguje tento záznam!
|
MARC
| LEADER | 00000naa a2200000 4500 | ||
|---|---|---|---|
| 001 | 0265203 | ||
| 005 | 20200703095031.7 | ||
| 041 | 0 | |a cze | |
| 044 | |a CZ | ||
| 245 | 1 | 0 | |a On-line identita zákazníka. Kterou technologii pro její přejímaní zvolit? |
| 520 | |a Vhodnosť technológií pre online overenie a správu identity zákazníka pre potreby a procesy finančných inštitúcií. Proces overovania identity a s tým súvisiaca legislatíva. Konkrétne situácie využitia on-line identifikácie. | ||
| 610 | 2 | 0 | |a identita |
| 610 | 2 | 0 | |a technológie nové |
| 610 | 2 | 0 | |a legislatíva |
| 610 | 2 | 0 | |a zákazníci |